| 000 | 00632nam a2200229Ia 4500 | ||
|---|---|---|---|
| 003 | OSt | ||
| 005 | 20230523110138.0 | ||
| 008 | 210423s2013 xx 000 0 und d | ||
| 020 | _a978-81-7515-754-5 | ||
| 040 | _cAL | ||
| 041 | _aeng | ||
| 082 | _a428.076 SHAB | ||
| 100 |
_aSHARPE (Pamela J) _9111087 |
||
| 245 | _aBarrons TOEFL IBT: internet based test Ed 14 | ||
| 250 | _a14 | ||
| 260 |
_aNew Delhi _bGalgotia Publications Pvt Ltd _c2013 |
||
| 300 |
_axii,808 _bPB |
||
| 365 |
_b700 _cINR |
||
| 650 |
_aEnglish Usage _9111088 |
||
| 906 | _a14 ; Barrons ; based ; Ed ; IBT: ; internet ; test ; TOEFL | ||
| 942 |
_2ddc _cBK |
||
| 999 |
_c167904 _d167904 |
||